<?xml version="1.0" encoding="UTF-8"?><?xml-stylesheet type="text/xsl" href="static/style.xsl"?><OAI-PMH xmlns="http://www.openarchives.org/OAI/2.0/" xmlns:xsi="http://www.w3.org/2001/XMLSchema-instance" xsi:schemaLocation="http://www.openarchives.org/OAI/2.0/ http://www.openarchives.org/OAI/2.0/OAI-PMH.xsd"><responseDate>2026-04-28T19:46:36Z</responseDate><request verb="GetRecord" identifier="oai:uvadoc.uva.es:10324/84170" metadataPrefix="marc">https://uvadoc.uva.es/oai/request</request><GetRecord><record><header><identifier>oai:uvadoc.uva.es:10324/84170</identifier><datestamp>2026-04-17T19:02:42Z</datestamp><setSpec>com_10324_38</setSpec><setSpec>col_10324_852</setSpec></header><metadata><record xmlns="http://www.loc.gov/MARC21/slim" xmlns:doc="http://www.lyncode.com/xoai" xmlns:xsi="http://www.w3.org/2001/XMLSchema-instance" xmlns:dcterms="http://purl.org/dc/terms/" xsi:schemaLocation="http://www.loc.gov/MARC21/slim http://www.loc.gov/standards/marcxml/schema/MARC21slim.xsd">
<leader>00925njm 22002777a 4500</leader>
<datafield tag="042" ind1=" " ind2=" ">
<subfield code="a">dc</subfield>
</datafield>
<datafield tag="720" ind1=" " ind2=" ">
<subfield code="a">Solana Turlán, María Natalia</subfield>
<subfield code="e">author</subfield>
</datafield>
<datafield tag="260" ind1=" " ind2=" ">
<subfield code="c">2026</subfield>
</datafield>
<datafield tag="520" ind1=" " ind2=" ">
<subfield code="a">El siguiente TFG examina el abandono animal, analizando la problemática, las tasas de&#xd;
desamparo y sus causas principales. Se estudian las consecuencias que deja esta situación en&#xd;
los animales y en la sociedad, aportando así diversas medidas preventivas como la&#xd;
concienciación en la sociedad, la adopción responsable o el uso de la práctica de la&#xd;
esterilización. Se resalta el rol que toma la publicidad social y la comunicación con fines&#xd;
sociales que buscan concienciar a la sociedad. Igualmente, se estudia la legislación vigente de&#xd;
los animales y se complementa con el análisis de diversas campañas publicitarias de&#xd;
concienciación tanto a nivel nacional como europeo. Se destaca la figura del activista Dani&#xd;
Rovira, teniéndolo presente en la propuesta propia de campaña para evitar el abandono&#xd;
animal, buscando generar conciencia y cambios en la actitud de la población española.</subfield>
</datafield>
<datafield tag="024" ind2=" " ind1="8">
<subfield code="a">https://uvadoc.uva.es/handle/10324/84170</subfield>
</datafield>
<datafield tag="245" ind1="0" ind2="0">
<subfield code="a">Abandono animal: La publicidad con fines sociales como motor de concienciación</subfield>
</datafield>
</record></metadata></record></GetRecord></OAI-PMH>